000 00897nam a2200241 a 4500
001 000038348
005 20250122110129.0
008 130409s1985 dr 000 0 spa d
040 _aDO-SdBNP
_bspa
_cBNPHU
082 _a306.74097293
_bC376p
100 1 _aCavalcanti, Cristina
_964705
245 1 0 _aProstitución :
_besclavitud sexual femenina /
_cCristina Cavalcanti, Carmén Imbert, Margarita Cordero.
260 _aSanto Domingo :
_bCIPAF,
_c1985.
300 _a203 p. ;
_c22 cm.
490 1 _aTeoría
500 _aIncluye referencias bibliográficas y notas al pie de las páginas
650 4 _aProstutución
_zRepública Dominicana
_964706
700 1 _aImbert, Carmén
_929123
700 1 _aCordero, Margarita
_939
710 2 _aCentro de Investigación para la Acción Femenina (República Dominicana)
_922613
830 0 _aTeoría
_935948
910 _aValidado. Control de calidad MFF
999 _c37838
_d37838